[Event "POL-ch Rapid U18 Girls"]
[Site "Bydgoszcz"]
[Date "2023.08.30"]
[Round "8"]
[White "Kicinska, Anna"]
[Black "Palejko, Gabriela"]
[Result "1/2-1/2"]
[WhiteElo "1320"]
[BlackElo "1439"]
[PlyCount "76"]
[EventDate "2023.08.28"]
[EventType "swiss"]
[EventRounds "11"]
[EventCountry "POL"]
[SourceTitle "EXT 2024"]
[Source "ChessBase"]
[SourceDate "2023.10.10"]
[SourceVersion "1"]
[SourceVersionDate "2023.10.10"]
[SourceQuality "1"]

1. d4 d5 2. Nf3 Nf6 3. Bg5 e6 4. e3 Be7 5. Bd3 0-0 6. Nbd2 h6 7. Bxf6 Bxf6 8. c3 Re8 9. 0-0 Nd7 10. Rc1 c6 11. Bb1 e5 12. dxe5 Nxe5 13. Qc2 Ng6 14. e4 Bg4 15. exd5 Qxd5 16. h3 Bxf3 17. Nxf3 Rad8 18. Rcd1 Qh5 19. Qb3 b6 20. Qa4 b5 21. Qxa7 Nf4 22. Rxd8 Rxd8 23. Be4 c5 24. Qc7 Ne6 25. Qb6 c4 26. Re1 Ng5 27. Nxg5 Qxg5 28. Bc2 g6 29. Rd1 Rxd1+ 30. Bxd1 Qe5 31. Bf3 Qe1+ 32. Kh2 Qe5+ 33. g3 Be7 34. Kg2 b4 35. Qd4 Qxd4 36. cxd4 Bf6 37. Bd5 Bxd4 38. Bxc4 Bxb2 1/2-1/2